00341nam a22001097a 4500008004100000082001600041100001600057245006800073260006800141300000900209440001300218230703b xxu||||| |||| 00| 0 eng d a342.54bRAO cB Shiva Rao aThe Farming of India's ConstitutionbSelect documentscvolume 4 anew delhibthe indian institute of public Administration c1968 a960p vvolume 4